Campeões Copa Paulista - Statistics

Estatísticas Gerais
  • Esse quiz foi jogado 16 vezes
  • A pontuação média é 26 de 41
Estatísticas das Respostas
Hint Resposta % Correto
1962 Corinthians
100%
2022 Corinthians
100%
2006 Ferroviária
100%
2017 Ferroviária
100%
2023 Ferroviária
100%
2019 Palmeiras
100%
2021 Palmeiras
100%
2004 Santos
100%
2020 Santos
100%
2024 Santos
100%
2007 Juventus SP
86%
2003 Santo André
86%
2014 Santo André
86%
2019 São Caetano
86%
2020 Portuguesa
79%
2023 Portuguesa Santista
79%
2025 Red Bull Bragantino
79%
2013 São Bernardo
79%
2021 São Bernardo
79%
1981 Oeste
64%
2016 XV de Piracicaba
64%
2022 XV de Piracicaba
64%
2025 XV de Piracicaba
64%
2024 Marília
57%
2005 Noroeste
57%
2012 Noroeste
57%
1985 São Bento
57%
2002 São Bento
57%
2015 Linense
50%
1999 Paulista
50%
2010 Paulista
50%
2011 Paulista
50%
2024 Monte Azul
29%
2009 Votoraty
29%
2008 Atlético Sorocaba
21%
1987 América SP
14%
2001 Bandeirante
14%
1979 Inter de bebedouro
14%
1980 Parque da Mooca
14%
2025 Pinda SP
7%
2018 Votopuranguense
7%
Nenhum quiz correspondente encontrado
Distribuição das Pontuações
Porcentagem de Pessoas com Cada Pontuação
Percentil de Números Respondidos
Sua Pontuação Histórica
Você não jogou esse quiz